Best 15 Countries in Environmental Performance - Statistics

General Stats
  • This quiz has been taken 48 times
    28 since last reset
  • The average score is 12 of 15
Answer Stats
rank Answer score % Correct
1 F Finland 90.68
96%
2 I Iceland 90.51
96%
4 D Denmark 89.21
92%
3 S Sweden 90.43
92%
6 S Spain 88.91
88%
13 A Australia 87.22
85%
12 U United Kingdom 87.38
85%
10 F France 88.20
81%
11 N New Zealand 88.00
81%
8 E Estonia 88.59
77%
7 P Portugal 88.63
77%
14 S Singapore 87.04
69%
5 S Slovenia 88.98
69%
9 M Malta 88.48
54%
15 C Croatia 86.98
38%
No matching quizzes found
Score Distribution
Percent of People with Each Score
Percentile by Number Answered
Your Score History
You have not taken this quiz since the last reset